Método de análisis de la correlación entre datos tomados de dos en dos (Registro nro. 28790)

Detalles MARC
000 -LEADER
fixed length control field 00350 a2200109 4500
001 - CONTROL NUMBER
control field ART_26482
005 - DATE AND TIME OF LATEST TRANSACTION
control field 20260410161933.0
008 - FIXED-LENGTH DATA ELEMENTS--GENERAL INFORMATION
fixed length control field 260409a
100 1# - MAIN ENTRY--PERSONAL NAME
Personal name Wainer, Carlos Luis
245 10 - TITLE STATEMENT
Title Método de análisis de la correlación entre datos tomados de dos en dos
773 0# - HOST ITEM ENTRY
Title Informe
Related parts - Año II, Nº 18 (dic. 1970)
Record control number REV23765

No hay ítems disponibles.